<?xml version="1.0" encoding="UTF-8"?>
<resp>
  <nextPage>https://data.bn.org.pl/api/networks/bibs.marcxml?marc=001+b1000001067046&amp;sinceId=1000001067047</nextPage>
  <collection>
    <record xmlns='http://www.loc.gov/MARC21/slim'><leader>04906nam a2201153 i 4500</leader><controlfield tag='001'>b1000001067046</controlfield><controlfield tag='005'>20260314082027.5</controlfield><controlfield tag='008'>210930s2021    pl           |001 0 eng c</controlfield><controlfield tag='009'>9912426256005606</controlfield><datafield ind1=' ' ind2=' ' tag='015'><subfield code='a'>UWD 2021/37967</subfield></datafield><datafield ind1=' ' ind2=' ' tag='020'><subfield code='a'>9788323350019</subfield><subfield code='q'>(oprawa twarda)</subfield></datafield><datafield ind1=' ' ind2=' ' tag='020'><subfield code='z'>9788323372356</subfield><subfield code='q'>(e-book)</subfield></datafield><datafield ind1=' ' ind2=' ' tag='035'><subfield code='a'>(PL)b1000001067046</subfield></datafield><datafield ind1=' ' ind2=' ' tag='040'><subfield code='a'>KR U</subfield><subfield code='c'>KR U</subfield><subfield code='d'>KR U</subfield><subfield code='d'>WA N</subfield><subfield code='d'>KR U</subfield><subfield code='d'>WA N</subfield><subfield code='d'>LUBL KUL</subfield><subfield code='d'>WA N</subfield></datafield><datafield ind1='0' ind2=' ' tag='041'><subfield code='a'>eng</subfield><subfield code='b'>cze</subfield><subfield code='b'>hun</subfield><subfield code='b'>pol</subfield><subfield code='a'>por</subfield><subfield code='b'>spa</subfield></datafield><datafield ind1='2' ind2=' ' tag='045'><subfield code='b'>d1564</subfield><subfield code='b'>d2021</subfield></datafield><datafield ind1=' ' ind2=' ' tag='046'><subfield code='k'>2021</subfield></datafield><datafield ind1=' ' ind2=' ' tag='080'><subfield code='a'>821.111(091)-2</subfield></datafield><datafield ind1=' ' ind2=' ' tag='084'><subfield code='a'>01</subfield></datafield><datafield ind1='0' ind2='0' tag='245'><subfield code='a'>Reading the past, understanding the present /</subfield><subfield code='c'>edited by Agnieszka Orszulak, Agnieszka Romanowska.</subfield></datafield><datafield ind1=' ' ind2=' ' tag='250'><subfield code='a'>First edition.</subfield></datafield><datafield ind1=' ' ind2=' ' tag='260'><subfield code='a'>Kraków :</subfield><subfield code='b'>Jagiellonian University Press,</subfield><subfield code='c'>2021.</subfield></datafield><datafield ind1=' ' ind2=' ' tag='300'><subfield code='a'>221, [2] strony ;</subfield><subfield code='c'>25 cm.</subfield></datafield><datafield ind1=' ' ind2=' ' tag='336'><subfield code='a'>Tekst</subfield><subfield code='b'>txt</subfield><subfield code='2'>rdacontent</subfield></datafield><datafield ind1=' ' ind2=' ' tag='337'><subfield code='a'>Bez urządzenia pośredniczącego</subfield><subfield code='b'>n</subfield><subfield code='2'>rdamedia</subfield></datafield><datafield ind1=' ' ind2=' ' tag='338'><subfield code='a'>Wolumin</subfield><subfield code='b'>nc</subfield><subfield code='2'>rdacarrier</subfield></datafield><datafield ind1=' ' ind2=' ' tag='380'><subfield code='a'>Książki</subfield></datafield><datafield ind1=' ' ind2=' ' tag='380'><subfield code='a'>Publikacje naukowe</subfield></datafield><datafield ind1='1' ind2=' ' tag='388'><subfield code='a'>1901-2000</subfield></datafield><datafield ind1='1' ind2=' ' tag='388'><subfield code='a'>2001-</subfield></datafield><datafield ind1=' ' ind2=' ' tag='500'><subfield code='a'>Artykuły tej książki skatalogowano pod własnymi tytułami. Dostępne pod tytułem pracy zbiorowej.</subfield></datafield><datafield ind1=' ' ind2=' ' tag='504'><subfield code='a'>Bibliografie, netografie przy pracach. Indeks.</subfield></datafield><datafield ind1=' ' ind2=' ' tag='536'><subfield code='a'>Finansowanie: Wydział Filologiczny (Uniwersytet Jagielloński)</subfield></datafield><datafield ind1=' ' ind2=' ' tag='546'><subfield code='a'>Streszczenia w języku czeskim, hiszpańskim, polskim, portugalskim i węgierskim przy pracach.</subfield></datafield><datafield ind1='1' ind2='7' tag='600'><subfield code='a'>Shakespeare, William</subfield><subfield code='d'>(1564-1616)</subfield><subfield code='2'>DBN</subfield></datafield><datafield ind1='1' ind2='0' tag='600'><subfield code='a'>Shakespeare, William,</subfield><subfield code='d'>1564-1616</subfield><subfield code='x'>Appreciation.</subfield></datafield><datafield ind1='1' ind2='0' tag='600'><subfield code='a'>Shakespeare, William,</subfield><subfield code='d'>1564-1616</subfield><subfield code='x'>Criticism and interpretation.</subfield></datafield><datafield ind1='1' ind2='0' tag='600'><subfield code='a'>Shakespeare, William,</subfield><subfield code='d'>1564-1616</subfield><subfield code='x'>Influence.</subfield></datafield><datafield ind1=' ' ind2='7' tag='648'><subfield code='a'>1501-1600</subfield><subfield code='2'>DBN</subfield></datafield><datafield ind1=' ' ind2='7' tag='648'><subfield code='a'>1601-1700</subfield><subfield code='2'>DBN</subfield></datafield><datafield ind1=' ' ind2='7' tag='648'><subfield code='a'>1901-2000</subfield><subfield code='2'>DBN</subfield></datafield><datafield ind1=' ' ind2='7' tag='648'><subfield code='a'>2001-</subfield><subfield code='2'>DBN</subfield></datafield><datafield ind1=' ' ind2='7' tag='650'><subfield code='a'>Dramat (gatunek literacki)</subfield><subfield code='2'>DBN</subfield></datafield><datafield ind1=' ' ind2='7' tag='650'><subfield code='a'>Literatura angielska</subfield><subfield code='2'>DBN</subfield></datafield><datafield ind1=' ' ind2='7' tag='650'><subfield code='a'>Wpływ i recepcja</subfield><subfield code='2'>DBN</subfield></datafield><datafield ind1=' ' ind2='7' tag='650'><subfield code='a'>Teatr angielski</subfield><subfield code='2'>DBN</subfield></datafield><datafield ind1=' ' ind2='7' tag='655'><subfield code='a'>Praca zbiorowa</subfield><subfield code='2'>DBN</subfield></datafield><datafield ind1=' ' ind2=' ' tag='658'><subfield code='a'>Kultura i sztuka</subfield></datafield><datafield ind1=' ' ind2=' ' tag='658'><subfield code='a'>Literaturoznawstwo</subfield></datafield><datafield ind1=' ' ind2=' ' tag='658'><subfield code='a'>Historia</subfield></datafield><datafield ind1='1' ind2=' ' tag='700'><subfield code='a'>Romanowska, Agnieszka</subfield><subfield code='e'>Redakcja</subfield></datafield><datafield ind1='1' ind2=' ' tag='700'><subfield code='a'>Orszulak, Agnieszka</subfield><subfield code='e'>Redakcja</subfield></datafield><datafield ind1='2' ind2=' ' tag='710'><subfield code='a'>Wydawnictwo Uniwersytetu Jagiellońskiego</subfield><subfield code='e'>Wydawca</subfield><subfield code='4'>pbl</subfield></datafield><datafield ind1=' ' ind2=' ' tag='852'><subfield code='8'>22371040250006831</subfield><subfield code='j'>1</subfield><subfield code='h'>735414 II</subfield><subfield code='b'>BuKul</subfield><subfield code='p'>1001288481</subfield><subfield code='c'>BG_Magazyn</subfield></datafield><datafield ind1=' ' ind2=' ' tag='852'><subfield code='b'>48OMNIS_UMCS</subfield><subfield code='8'>991003931919707661</subfield></datafield><datafield ind1=' ' ind2=' ' tag='852'><subfield code='b'>48OMNIS_NETWORK</subfield><subfield code='8'>9912426256005606</subfield></datafield><datafield ind1=' ' ind2=' ' tag='852'><subfield code='b'>48OMNIS_BPW</subfield><subfield code='8'>991053617013008207</subfield></datafield><datafield ind1=' ' ind2=' ' tag='852'><subfield code='8'>221045243450008831</subfield><subfield code='j'>1</subfield><subfield code='h'>PR2976 .R43 2021</subfield><subfield code='b'>5100-BUW</subfield><subfield code='p'>1001303437</subfield><subfield code='c'>10002</subfield><subfield code='z'>PR2976 .R43 2021 egz.1; ## rok wyd. : 2021.</subfield></datafield><datafield ind1=' ' ind2=' ' tag='852'><subfield code='b'>48FAR_UGD</subfield><subfield code='8'>991003125159708343</subfield></datafield><datafield ind1=' ' ind2=' ' tag='852'><subfield code='8'>22824031270008206</subfield><subfield code='j'>1</subfield><subfield code='b'>BWF</subfield><subfield code='p'>A-028307</subfield><subfield code='c'>ANGL</subfield></datafield><datafield ind1=' ' ind2=' ' tag='852'><subfield code='8'>22841975200008343</subfield><subfield code='j'>1</subfield><subfield code='b'>BG</subfield><subfield code='p'>1101351438</subfield><subfield code='c'>90006</subfield><subfield code='z'>L.15.5.2.4 Reading</subfield></datafield><datafield ind1=' ' ind2=' ' tag='852'><subfield code='8'>22702292710005066</subfield><subfield code='j'>1</subfield><subfield code='h'>3.598.836</subfield><subfield code='b'>BN_PL</subfield><subfield code='p'>30001031239309</subfield><subfield code='c'>bk8</subfield></datafield><datafield ind1=' ' ind2=' ' tag='852'><subfield code='8'>22582093810005067</subfield><subfield code='j'>1</subfield><subfield code='h'>CBr(Sh) 14009</subfield><subfield code='b'>BWF</subfield><subfield code='p'>1852013368</subfield><subfield code='c'>BWF_zIFA</subfield></datafield><datafield ind1=' ' ind2=' ' tag='852'><subfield code='8'>22780678360008415</subfield><subfield code='j'>1</subfield><subfield code='b'>KP</subfield><subfield code='p'>000035325062</subfield><subfield code='c'>CN</subfield><subfield code='z'>N734190</subfield></datafield><datafield ind1=' ' ind2=' ' tag='852'><subfield code='8'>22582093810005067</subfield><subfield code='j'>1</subfield><subfield code='h'>CBr(Sh) 14009</subfield><subfield code='b'>BWF</subfield><subfield code='p'>1852013369</subfield><subfield code='c'>BWF_zIFA</subfield></datafield><datafield ind1=' ' ind2=' ' tag='852'><subfield code='8'>22585208030005067</subfield><subfield code='j'>1</subfield><subfield code='h'>1.015.193 II A</subfield><subfield code='b'>BJ</subfield><subfield code='p'>1003048898</subfield><subfield code='c'>BJ_EGZ_A</subfield></datafield><datafield ind1=' ' ind2=' ' tag='852'><subfield code='8'>22585208010005067</subfield><subfield code='j'>1</subfield><subfield code='h'>B 860433 II</subfield><subfield code='b'>BJ</subfield><subfield code='p'>1003048895</subfield><subfield code='c'>BJ_MAG</subfield></datafield><datafield ind1=' ' ind2=' ' tag='852'><subfield code='8'>22702292740005066</subfield><subfield code='j'>1</subfield><subfield code='h'>3.178.260 A</subfield><subfield code='b'>BN_PL</subfield><subfield code='p'>30001031239279</subfield><subfield code='c'>bk1</subfield></datafield><datafield ind1=' ' ind2=' ' tag='852'><subfield code='8'>22116759260007661</subfield><subfield code='j'>1</subfield><subfield code='b'>10000</subfield><subfield code='p'>1011322880</subfield><subfield code='c'>U_BGmag</subfield></datafield><datafield ind1=' ' ind2=' ' tag='852'><subfield code='8'>2265379240007663</subfield><subfield code='j'>1</subfield><subfield code='h'>873.944</subfield><subfield code='b'>ZNO-SZEW</subfield><subfield code='p'>1000297854</subfield><subfield code='c'>10000</subfield></datafield><datafield ind1=' ' ind2=' ' tag='852'><subfield code='b'>48OMNIS_NLOP</subfield><subfield code='8'>991052967831505066</subfield></datafield><datafield ind1=' ' ind2=' ' tag='852'><subfield code='b'>48OMNIS_KUL</subfield><subfield code='8'>991008873377506831</subfield></datafield><datafield ind1=' ' ind2=' ' tag='852'><subfield code='b'>48OMNIS_KPS</subfield><subfield code='8'>990008807800208415</subfield></datafield><datafield ind1=' ' ind2=' ' tag='852'><subfield code='b'>48OMNIS_UOW</subfield><subfield code='8'>991014746379708831</subfield></datafield><datafield ind1=' ' ind2=' ' tag='852'><subfield code='b'>48OMNIS_UJA</subfield><subfield code='8'>991016705294705067</subfield></datafield><datafield ind1=' ' ind2=' ' tag='852'><subfield code='b'>48OMNIS_UOP</subfield><subfield code='8'>990008746330108206</subfield></datafield><datafield ind1=' ' ind2=' ' tag='852'><subfield code='b'>48OMNIS_UMKWT</subfield><subfield code='8'>991016941731406926</subfield></datafield><datafield ind1=' ' ind2=' ' tag='852'><subfield code='8'>22403349460006926</subfield><subfield code='j'>1</subfield><subfield code='h'>Eibf.o|Shakespeare, W./***/Rea/2021</subfield><subfield code='b'>TORU</subfield><subfield code='p'>300052106945</subfield><subfield code='c'>Literat_bg</subfield></datafield><datafield ind1=' ' ind2=' ' tag='852'><subfield code='b'>48OMNIS_ZNO</subfield><subfield code='8'>991003427489707663</subfield></datafield><datafield ind1=' ' ind2=' ' tag='852'><subfield code='8'>22828703750008207</subfield><subfield code='j'>1</subfield><subfield code='h'>Z.782019</subfield><subfield code='b'>BPW_K</subfield><subfield code='p'>BPW00559867</subfield><subfield code='c'>ZAS</subfield></datafield><datafield ind1=' ' ind2=' ' tag='920'><subfield code='z'>978-83-233-7235-6 (e-book)</subfield></datafield><datafield ind1=' ' ind2=' ' tag='920'><subfield code='a'>978-83-233-5001-9 (oprawa twarda)</subfield></datafield><datafield ind1=' ' ind2=' ' tag='950'><subfield code='u'>https://eu05.alma.exlibrisgroup.com/view/uresolver/48OMNIS_NETWORK/openurl?u.ignore_date_coverage=true&amp;portfolio_pid=53741737710005066&amp;Force_direct=true</subfield><subfield code='z'>Zobacz w Polonie: sygnatura 3.598.836</subfield><subfield code='8'>53741737710005066</subfield></datafield></record>
  </collection>
</resp>
